Modern Day Countries that were part of the British Empire - Statistics

General Stats
  • This quiz has been taken 31 times
  • The average score is 36 of 58
Answer Stats
Country % Correct
Australia
86%
Canada
86%
India
86%
Pakistan
86%
New Zealand
82%
South Africa
82%
United States of America
82%
Egypt
79%
Ireland
79%
Ghana
71%
Nigeria
71%
Tanzania
71%
Belize
68%
Iraq
68%
Kenya
68%
Kuwait
68%
Lesotho
68%
Malaysia
68%
Qatar
68%
Yemen
68%
Barbados
64%
Jamaica
64%
Sudan
64%
Swaziland / Eswatini
64%
United Arab Emirates
64%
Bahrain
61%
Dominica
61%
Fiji
61%
St Kitts and Nevis
61%
St Lucia
61%
St Vincent and the Grenadines
61%
The Bahamas
61%
Trinidad and Tobago
61%
Uganda
61%
Zambia
61%
Zimbabwe
61%
Afghanistan
57%
Antigua and Barbuda
57%
Cyprus
57%
Jordan
57%
Seychelles
57%
Sri Lanka
57%
Botswana
54%
Grenada
54%
Kiribati
54%
Malawi
54%
Malta
54%
Mauritius
54%
Myanmar / Burma
54%
Nauru
54%
Vanuatu
54%
Brunei
50%
Tonga
50%
Maldives
46%
The Gambia
46%
Sierra Leone
43%
Tuvalu
43%
Somalian Islands
4%
No matching quizzes found
Score Distribution
Percent of People with Each Score
Percentile by Number Answered
Your Score History
You have not taken this quiz